000 00632nam a2200229Ia 4500
003 OSt
005 20220923222515.0
006 a|||||r|||| 00| 0
007 ta
008 220922b |||||||| |||| 00| 0 hin d
024 _a205,482
037 _cTextual
040 _aARTS
_cARTS
_bhin
041 _2hin
_ahin
082 _aP, 152J6;1
100 _aमंगलदेव
_9156280
245 0 _aतुलनात्मक भाषा विज्ञान
246 _aTulanātmak bhāṣhā vijnyāna
260 _c1966
942 _hP, 152J6;1
_cTEXL
_2CC
999 _c356164
_d356164